00744nam a2200241 a 4500001001300000003000900013005001700022008004100039020001000080082001700090100002100107245004500128260004600173300000800219500003500227505005800262650001300320700002100333902000800354942000700362952011800369999001500487nice12345678IN_TiNIC20260116012853.0050524s1927 kara grp 000 0 eng  ac10000a297.822bGOO aGoolamali, Karim aOpen Letter to His Highnes the Agha Khan aKarachibGoolamali Karim Publishersc1927 a27p aincludes index and biblioraphy2 apresented to Hakee Abdul Hameed on his 75th Birthday. aIsmailis1 aGoolamali, Karim bSRS cBK 001040708StackRoom-aHMIbHMId2007-06-29g100.00l0o297.822 GOOp010611r2007-06-29v100.00w2005-05-24yBK c8718d8718